Травление титановой подложки перед нанесением биосовместимых покрытий на основе оксинитрида титана; Новые материалы

Bibliographic Details
Parent link:Новые материалы.— 2017.— [С. 794-795]
Main Author: Павлюк У. В. Ульяна Валерьевна
Corporate Author: Национальный исследовательский Томский политехнический университет Инженерная школа ядерных технологий Отделение ядерно-топливного цикла
Other Authors: Леонова Л. А. Лилия Александровна
Summary:Заглавие с экрана
Oxinitride coatings obtained by reactive magnetron sputtering are most promising for cardiovascular stents due to hemocompatibility. Because of the roughness titanium substrate, it is necessary to use polished etchants. In the course of the work, polishing etchants based on mineral acids with the addition of ammonium fluoride were chosen. Using metallographic microanalysis and gravimetric analysis it was found that etchants reduce roughness. Received etchants will provide clutch of the plate to the oxynitride coating of titanium.
Language:Russian
Published: 2017
Series:Биосовместимые материалы
Subjects:
Online Access:http://n-materials.ru/wp-content/uploads/2017/11/Sbornik.pdf#page=794
Format: Electronic Book Chapter
KOHA link:https://koha.lib.tpu.ru/cgi-bin/koha/opac-detail.pl?biblionumber=657500

MARC

LEADER 00000naa0a2200000 4500
001 657500
005 20250623154419.0
035 |a (RuTPU)RU\TPU\network\24030 
090 |a 657500 
100 |a 20180212d2017 k y0rusy50 ca 
101 0 |a rus 
102 |a RU 
135 |a drcn ---uucaa 
181 0 |a i  
182 0 |a b 
200 1 |a Травление титановой подложки перед нанесением биосовместимых покрытий на основе оксинитрида титана  |d Polished titanium plate before application biocompatible of coatings based on titanium oxynitride  |f У. В. Павлюк, Л. А. Леонова 
203 |a Текст  |c электронный 
225 1 |a Биосовместимые материалы 
300 |a Заглавие с экрана 
330 |a Oxinitride coatings obtained by reactive magnetron sputtering are most promising for cardiovascular stents due to hemocompatibility. Because of the roughness titanium substrate, it is necessary to use polished etchants. In the course of the work, polishing etchants based on mineral acids with the addition of ammonium fluoride were chosen. Using metallographic microanalysis and gravimetric analysis it was found that etchants reduce roughness. Received etchants will provide clutch of the plate to the oxynitride coating of titanium. 
463 |t Новые материалы  |o сборник материалов третьего междисциплинарного молодежного научного форума с международным участием, Москва, 21-24 Ноября 2017  |v [С. 794-795]  |d 2017 
510 1 |a Polished titanium plate before application biocompatible of coatings based on titanium oxynitride  |z eng 
610 1 |a электронный ресурс 
610 1 |a труды учёных ТПУ 
610 1 |a оксинитридные покрытия 
610 1 |a титановые подложки 
610 1 |a травление 
700 1 |a Павлюк  |b У. В.  |g Ульяна Валерьевна 
701 1 |a Леонова  |b Л. А.  |c химик-технолог  |c доцент Томского политехнического университета, кандидат технических наук  |c девичья фамилия Филатова  |f 1983-  |g Лилия Александровна  |3 (RuTPU)RU\TPU\pers\25860  |9 11728 
712 0 2 |a Национальный исследовательский Томский политехнический университет  |b Инженерная школа ядерных технологий  |b Отделение ядерно-топливного цикла  |3 (RuTPU)RU\TPU\col\23554 
801 0 |a RU  |b 63413507  |c 20180212  |g RCR 
850 |a 63413507 
856 4 |u http://n-materials.ru/wp-content/uploads/2017/11/Sbornik.pdf#page=794 
942 |c CF